000 00730nam a22002057a 4500
999 _c1206
_d1206
003 AR-CdUCM
008 190226b ||||| |||| 00| 0 spa d
040 _aMUNICIPALIDAD PROVINCIAL DEL CUSCO
_cBIBLIOTECA MUNICIPAL DEL CUSCO
082 _a869.44 /
_bM96
100 _aMuñoz Cadima, Oscar W.
_94717
245 _aTeatro boliviano contemporaneo /
260 _aLa Paz-Bolivia :
_bCasa municipal de la cultura "Franz Tamayo",
_c1981.
300 _a214 páginas ;
_c19 cm.
500 _aPrimer premio ensayo 1980, XVI concurso anual de literatura "Franz Tamayo".
650 _aLiteratura boliviana
_94271
650 _aTeatro
_9173
710 _aHonorable municipalidad de La Paz
_91091
942 _2ddc
_cLIBROS
945 _azta